[Event "Campeonato Estadual de Mestres do  RJ 2"]
[Site "ALEX"]
[Date "2025.06.21"]
[Round "4.12"]
[White "Silva, Clara Oliveira"]
[Black "Da Silva, Joao Pedro Lins Mat"]
[Result "0-1"]
[WhiteElo "1646"]
[BlackElo "1913"]
[Annotator "CB - RR"]
[PlyCount "38"]
[EventDate "2025.06.19"]
[EventRounds "6"]
[EventCountry "BRA"]

1. e4 e5 2. Nf3 Nc6 3. Bc4 Bc5 4. O-O ({RR} 4. d3 Nf6 5. O-O d6 6. h3 h6 7. Nc3 O-O 8. a3 {½-½ (8) Suranyi,P (2188)-Dudas,J (2368) Budapest 2002}) 4... Nf6 5. Nc3 O-O 6. a3 a6 7. d3 h6 8. h3 d6 9. Qe2 Re8 10. Be3 Nd4 11. Qd1 c6 $146 ({RR} 11... b5 12. Ba2 Bb7 13. Nh2 d5 14. exd5 Nxd5 15. Nxd5 Bxd5 16. Bxd5 Qxd5 17. b4 Bd6 18. Re1 a5 19. c3 Nf5 20. Ng4 Nh4 21. f3 h5 22. Bf2 hxg4 23. Bxh4 gxh3 24. gxh3 axb4 25. cxb4 Re6 26. Qe2 {Geurts,H (1870)-Suarez Pinto,S (1947) Medellin COL 2024 0-1 (55)}) ({RR} 11... b5 12. Ba2 Bb7 13. Nh2 d5 14. exd5 Nxd5 15. Nxd5 Bxd5 16. Bxd5 Qxd5 17. b4 Bd6 18. Re1 a5 19. c3 Nf5 20. Ng4 Nh4 21. f3 h5 22. Bf2 hxg4 23. Bxh4 gxh3 24. gxh3 axb4 25. cxb4 Re6 26. Qe2 {Geurts,H (1870)-Suarez Pinto,S (1947) Medellin COL 2024 0-1 (55)}) 12. Bxd4 Bxd4 13. Nxd4 exd4 14. Ne2 d5 15. exd5 Nxd5 16. Nxd4 Nf4 17. Nf3 Qf6 18. Re1 Bxh3 19. gxh3 Qg6+ 0-1

[Event "Campeonato Estadual de Mestres do  RJ 2"]
[Site "ALEX"]
[Date "2025.06.21"]
[Round "4.13"]
[White "Cardoso, Rafaela Martins"]
[Black "Borensztein, Leo"]
[Result "1-0"]
[WhiteElo "1585"]
[BlackElo "1800"]
[Annotator "CB - RR"]
[PlyCount "53"]
[EventDate "2025.06.19"]
[EventRounds "6"]
[EventCountry "BRA"]

1. e4 {Szabo,Krisztian} c5 2. Nf3 e6 3. d4 cxd4 4. Nxd4 Nc6 5. Nc3 Qc7 6. Be3 a6 7. Qd2 Nf6 8. a3 ({RR} 8. f4 b5 ({RR} 8... Bb4) 9. e5 Ng4 ({RR} 9... b4 10. Ncb5 axb5 11. Nxb5 Qb8 12. exf6 gxf6 13. c4 bxc3 14. bxc3 Ra5 ({RR} 14... Rg8) 15. a4 Ba6 16. Kf2 Be7 17. Be2) 10. Bg1 Bb7 11. O-O-O Nxd4 12. Bxd4 Be7 13. Bd3 ({RR} 13. Kb1 O-O 14. Bd3 f5) 13... f5 ({RR} 13... d6 14. Qe2 ({RR} 14. exd6 Bxd6) 14... dxe5 15. fxe5 Nh6 16. Be4 O-O) 14. h3 Nh6 15. Rhg1 O-O 16. Qe3 ({RR} 16. Kb1 Kh8 ({RR} 16... Rac8 17. g4 g6) 17. g4 Bc6) ({RR} 16. g4 g6) 16... Rac8 ({RR} 16... Bc6 17. g4 g6 18. Kb1 b4 19. Ne2 a5) 17. Kb1 Bc6 18. Ne2 ({RR} 18. g4 g6 19. Ne2) 18... Bd5 19. g4 g6 20. b3 Qb7 21. Rdf1 a5 22. Ng3 Bc4 {Karjakin,S (2766)-Svidler,P (2758) Khanty-Mansiysk 2014 CBM 160 [Szabo,Krisztian] ½-½} {RR} 23. Be2) 8... Be7 9. Be2 ({RR} 9. h3 b5 10. g4 b4 11. axb4 Bxb4 12. f3 Ne5 13. Be2 Nc4 14. Bxc4 Qxc4 15. Kf2 Bb7 16. Qe2 Rc8 17. Ra4 Qxe2+ 18. Ncxe2 Bc5 19. g5 Nh5 20. c3 Ke7 21. h4 f6 22. Rd1 Rhd8 23. Rc4 Bd6 {Quispe Arteaga,G (2403)-Aalto,P (2258) chess.com INT 2024 1-0 (75)}) 9... O-O 10. O-O-O $146 ({RR} 10. f4 d6 11. O-O Bd7 12. Rad1 Rac8 13. Qe1 Nxd4 14. Bxd4 e5 15. Be3 Bc6 16. Bd3 Rfe8 17. f5 d5 18. exd5 Nxd5 19. Nxd5 Bxd5 20. Qg3 Qc6 21. c4 Be4 22. Bxe4 Qxe4 23. f6 Qxe3+ 24. Qxe3 Bc5 {Ceferino,Y-Fernandez Martin,F Asturias 1996 0-1 (38)}) 10... b5 11. g4 Ne5 12. Rdg1 Bb7 13. f3 Nc4 14. Bxc4 Qxc4 15. g5 Ne8 16. h4 Rc8 17. Nde2 d5 18. exd5 exd5 19. h5 g6 20. Rg4 Qc6 21. hxg6 Qxg6 22. Rh6 Qf5 23. Nd4 Qe5 24. Rgh4 Qh8 25. Qh2 Bxg5 26. Bxg5 Qxd4 27. Rxd4 1-0

[Event "Campeonato Estadual de Mestres do  RJ 2"]
[Site "ALEX"]
[Date "2025.06.22"]
[Round "5.1"]
[White "De Albuquerque, Ian Telek C."]
[Black "Rangel, Daniel"]
[Result "0-1"]
[WhiteElo "2175"]
[BlackElo "2262"]
[Annotator "CB - RR"]
[PlyCount "66"]
[EventDate "2025.06.19"]
[EventRounds "6"]
[EventCountry "BRA"]

1. e4 e5 2. Nf3 Nc6 3. Bb5 a6 4. Ba4 Bc5 5. c3 Ba7 6. d4 exd4 7. cxd4 d6 8. h3 Nge7 9. O-O O-O 10. Nc3 h6 11. Bb3 $146 ({RR} 11. Re1 f5 12. Bb3+ Kh8 13. e5 d5 14. Ne2 Ng6 15. Bf4 Be6 16. Rc1 Qe7 17. Qd2 Rg8 18. Bxh6 Rae8 19. Bg5 Qf7 20. h4 Nf8 21. Be3 Nh7 22. Nf4 g6 23. g3 Bb6 24. Qe2 Nd8 25. Kg2 c6 {Linnert,N (2046)-Buerckner,G (2029) Germany 2019 1-0 (32)}) 11... Na5 12. Bc2 c5 13. Bf4 Nac6 14. dxc5 dxc5 15. Nd5 Nd4 16. Nxd4 cxd4 17. Qd3 Ng6 18. Bc7 Qd7 19. Bb3 b5 20. Qg3 Kh7 21. f4 f5 22. e5 Bb7 23. Bd6 Rfc8 24. h4 Rc4 25. h5 Nh8 26. Ne7 Re8 27. Rac1 Rxe7 28. Bxc4 bxc4 29. Rxc4 Qe6 30. Bxe7 Qxc4 31. Bf8 Qf7 32. Qa3 d3+ 33. Bc5 Qd5 0-1

[Event "Campeonato Estadual de Mestres do  RJ 2"]
[Site "ALEX"]
[Date "2025.06.22"]
[Round "5.2"]
[White "Serpa, Rafael Araujo"]
[Black "Chaves, Jorge Antonio Torre"]
[Result "1/2-1/2"]
[WhiteElo "2064"]
[BlackElo "1935"]
[Annotator "CB - RR"]
[PlyCount "90"]
[EventDate "2025.06.19"]
[EventRounds "6"]
[EventCountry "BRA"]

1. e4 c5 2. Nf3 e6 3. c3 d5 4. exd5 Qxd5 5. d4 Nf6 6. Na3 cxd4 7. Nb5 Qd8 8. Qxd4 Qxd4 9. Nfxd4 Na6 10. Bf4 Bc5 11. Nd6+ Ke7 12. Nxc8+ Raxc8 13. Nb3 Bb6 14. Bxa6 ({RR} 14. Be2 Nc5 15. Nxc5 Bxc5 16. Bf3 b5 17. a3 Bd6 18. Bxd6+ Kxd6 19. a4 b4 20. cxb4 Rc2 21. b5 Kc5 22. O-O Rd8 23. b3 Rdd2 24. h3 {½-½ (24) Lagno,K (2530)-Arakhamia Grant,K (2462) Tbilisi 2011}) 14... bxa6 15. O-O $146 ({RR} 15. Bg5 Rhd8 16. Ke2 Rd5 17. Bxf6+ Kxf6 18. Rhd1 Rb5 19. Rac1 Rc4 20. Rc2 a5 21. Rd7 Re5+ 22. Kd3 Ra4 23. c4 Rb4 24. Nd2 Bc5 25. Ne4+ Kg6 26. f4 Rh5 27. Nxc5 Rxc5 28. Rxa7 f6 29. b3 e5 {Bintakies,M (2200)-Lickleder,A (2210) Bayern 1997 1-0 (32)}) ({RR} 15. Bg5 Rhd8 16. Ke2 a5 17. a4 Rd5 18. Bxf6+ Kxf6 19. Rhd1 Re5+ 20. Kf1 Rf5 21. Nd4 Bxd4 22. Rxd4 Rb8 23. Rd2 Rb7 24. Ke2 g5 25. h3 h5 26. g3 Re5+ 27. Kf3 Rf5+ 28. Ke2 Re5+ 29. Kf3 Rf5+ {Medak,B (2329)-Plenkovic,Z (2357) Veli Losinj CRO 2024 ½-½}) ({RR} 15. Rd1 Nd5 16. Bg5+ f6 17. Bc1 a5 18. Nd4 a4 19. Nf5+ exf5 20. Rxd5 a3 21. O-O Rhd8 22. Rxd8 Rxd8 23. b3 {½-½ (23) Hummel,M (2165)-Egartner,W (2165) Austria 1998}) 15... a5 16. Rac1 a4 17. Na1 Rc4 18. Bg5 Rg4 19. Be3 Bxe3 20. fxe3 e5 21. Rfd1 Rc8 22. Nc2 a5 23. Na3 Rc5 24. c4 h5 25. h3 Rg3 26. Rd3 g5 27. Nb5 h4 28. Nc3 e4 29. Rd2 Rxe3 30. Nxa4 Rc6 31. c5 g4 32. hxg4 Rg3 33. a3 e3 34. Re1 Nxg4 35. b4 Re6 36. Rc2 h3 37. c6 h2+ 38. Kh1 Kd8 39. c7+ Kc8 40. Rd1 Nf2+ 41. Kxh2 Nxd1 42. Kxg3 e2 43. Nb6+ Rxb6 44. Rxe2 Rg6+ 45. Kf3 Rf6+ 1/2-1/2

[Event "Campeonato Estadual de Mestres do  RJ 2"]
[Site "ALEX"]
[Date "2025.06.22"]
[Round "5.3"]
[White "De Moura Silva, Guilherme"]
[Black "Frolov, Ivan"]
[Result "0-1"]
[WhiteElo "1911"]
[BlackElo "2013"]
[Annotator "CB - RR"]
[PlyCount "61"]
[EventDate "2025.06.19"]
[EventRounds "6"]
[EventCountry "BRA"]

1. e4 e5 2. Nf3 Nc6 3. Bc4 Bc5 4. O-O Nf6 5. d3 d6 6. h3 h6 7. c3 a5 8. a4 ({RR} 8. Re1 O-O 9. Nbd2 Be6 10. Bb5 Ba7 11. Nf1 Ne7 12. d4 c6 13. Bd3 Ng6 14. Ng3 a4 15. Be3 Re8 16. Qd2 Bb8 17. Bc2 Bc7 18. Red1 Qe7 19. b3 axb3 20. axb3 Rxa1 21. Rxa1 d5 22. exd5 Nxd5 {Ganerdene,S (2407)-Batchuluun,T (2537) Murun 2019 ½-½ (60)}) ({RR} 8. Re1 Ba7 9. Na3 g5 10. Nh2 g4 11. hxg4 Rg8 12. g5 hxg5 13. Be3 g4 14. Bxa7 Rxa7 15. Re3 Nh5 16. Nb5 Ra8 17. g3 Nf6 18. d4 Rh8 19. Qf1 Qe7 20. Qg2 Kd8 21. Rd1 Qf8 22. Bd5 Bd7 {Watson,M (1984)-Marton-John,A (1987) London ENG 2025 1-0 (75)}) 8... Be6 $146 ({RR} 8... O-O 9. Nbd2 Be6 10. Re1 Ba7 11. Bb5 Ne7 12. Nf1 Ng6 13. Ne3 c6 14. Bc4 Bxe3 15. Bxe3 Bxc4 16. dxc4 Qe7 17. Qc2 Nh5 18. Rad1 Nhf4 19. Kh2 Qf6 20. c5 d5 21. exd5 cxd5 22. Bxf4 Qxf4+ 23. Kg1 {Crispin Ferreras,D (2113)-Sipos,S (1904) chess.com INT 2024 1-0 (48)}) ({RR} 8... Ba7 9. Re1 g5 10. d4 Qe7 11. Bb5 Bd7 12. d5 Nb8 13. Bf1 g4 14. hxg4 Nxg4 15. Re2 Na6 16. Na3 Nc5 17. Nb5 Bxb5 18. axb5 Nxe4 19. Rxa5 Bxf2+ 20. Rxf2 Rxa5 21. Re2 f5 22. Re1 Ra1 23. Bd3 {Nunez V,G (2226)-Makaraci,T (2233) chess.com INT 2024 1-0 (36)}) ({RR} 8... Ba7 9. Nbd2 g5 10. Re1 g4 11. hxg4 Nxg4 12. d4 exd4 13. Nf1 dxc3 14. Be3 cxb2 15. Rb1 Qf6 16. Bxa7 Rxa7 17. Qb3 Nd4 18. Qxb2 Nxf3+ 19. gxf3 Ne5 20. Be2 Rg8+ 21. Kh1 Bh3 22. Ng3 Qh4 23. Qc3 {Kokk,K (1764)-Sivuk,V (2563) Parnu EST 2024 0-1}) 9. Bb5 Bd7 10. Be3 Qe7 11. Nbd2 g5 12. d4 exd4 13. cxd4 Bb4 14. e5 dxe5 15. dxe5 Nd5 16. Nc4 Nxe3 17. Nxe3 O-O-O 18. Nd5 Qe6 19. Rc1 g4 20. hxg4 Qxg4 21. Nf6 Qg6 22. Bd3 Qg7 23. Nxd7 Kxd7 24. Bf5+ Ke7 25. Qe2 Rhe8 26. Rc4 h5 27. Nh4 Kf8 28. Qxh5 Rxe5 29. Rg4 Qf6 30. Qh7 Ne7 31. Rg7 0-1

[Event "Campeonato Estadual de Mestres do  RJ 2"]
[Site "ALEX"]
[Date "2025.06.22"]
[Round "5.4"]
[White "Fernandes, Silas Carvalho"]
[Black "Santos Filho, Tadeu Sousa"]
[Result "1-0"]
[WhiteElo "2033"]
[BlackElo "2035"]
[Annotator "CB - RR"]
[PlyCount "89"]
[EventDate "2025.06.19"]
[EventRounds "6"]
[EventCountry "BRA"]

1. Nf3 Nf6 2. c4 g6 3. g3 Bg7 4. Bg2 O-O 5. O-O d6 6. Nc3 Nc6 7. d3 a6 8. Bg5 ({RR} 8. Qd2 e5 9. b3 Re8 10. Bb2 Nd4 11. Rac1 Rb8 12. Nxd4 exd4 13. Nd5 Ng4 14. h3 Nh6 15. e4 c6 16. Nf4 c5 17. b4 b6 18. a4 a5 19. b5 f6 20. Rce1 Nf7 21. Nd5 Be6 22. Kh2 Qd7 {Spoelman,W (2573)-Kovalenko,I (2644) Germany 2019 ½-½ (33)}) ({RR} 8. a3 Rb8 9. Rb1 b5 10. b4 Bd7 11. Bb2 e6 12. Nd2 Qe7 13. Nde4 Ne8 14. h4 f5 15. Ng5 Ne5 16. cxb5 axb5 17. Qb3 h6 18. Nf3 Ng4 19. e3 c6 20. Ne2 Nef6 21. Nfd4 Rfc8 22. Nf4 d5 {Vaz,E (2392)-Postnikov,A (2207) chess.com INT 2024 0-1 (51)}) 8... h6 9. Bd2 Rb8 10. Rb1 b5 $146 ({RR} 10... Bd7 11. a4 a5 12. e4 Bg4 13. h3 Bxf3 14. Bxf3 Nd7 15. Bg2 Nde5 16. Bf4 Nb4 17. Bxe5 dxe5 18. Nd5 Na6 19. Re1 c6 20. Ne3 Qb6 21. Bf1 Rbd8 22. Re2 Rd7 23. Rc2 Nc5 24. b4 axb4 25. Rcb2 {Lueders,G (2261)-Lagunow,A (2440) Berlin 1999 0-1 (60)}) 11. b3 Bd7 12. Qc1 b4 13. Nd5 Kh7 14. Nxf6+ exf6 15. Qc2 Re8 16. Bc1 f5 17. Bb2 Bf6 18. e3 a5 19. Rfe1 Kg7 20. Rbd1 Bxb2 21. Qxb2+ Qf6 22. d4 g5 23. Qd2 Re7 24. d5 Nd8 25. Qd4 Nb7 26. Qa7 Ree8 27. Nd4 Rec8 28. f4 a4 29. bxa4 Nc5 30. Qa5 Bxa4 31. Rb1 Ra8 32. Qxb4 Nd3 33. fxg5 hxg5 34. Qc3 Ne5 35. Rf1 Bd7 36. Rb2 Ng6 37. Rxf5 Ra3 38. Rb3 Rxb3 39. axb3 Ne5 40. Rxf6 Kxf6 41. Nf3 Re8 42. Nxe5 Rxe5 43. b4 Kg6 44. c5 f5 45. cxd6 1-0

[Event "Campeonato Estadual de Mestres do  RJ 2"]
[Site "ALEX"]
[Date "2025.06.22"]
[Round "5.5"]
[White "De Carvalho Jr, Rogerio Brambila"]
[Black "Laba, Otavio De Souza"]
[Result "1/2-1/2"]
[WhiteElo "1943"]
[BlackElo "1905"]
[Annotator "CB - RR"]
[PlyCount "128"]
[EventDate "2025.06.19"]
[EventRounds "6"]
[EventCountry "BRA"]

1. d4 Nf6 2. c4 e6 3. Nf3 b6 4. Nc3 Bb4 5. Bf4 O-O ({RR} 5... Ne4 6. Qc2 Bb7 7. e3 O-O 8. Be2 f5 9. O-O Bxc3 10. bxc3 d6 11. Rab1 Nd7 12. c5 dxc5 13. Ne5 Nxe5 14. Bxe5 Qe7 15. f3 Nf6 16. Rfe1 cxd4 17. exd4 Nd5 18. Bc4 f4 19. Bxd5 Bxd5 20. c4 {Aronian,L (2815)-Nakamura,H (2760) Beijing 2012 ½-½ (104)}) 6. e3 Bb7 7. Be2 d5 $146 ({RR} 7... Ne4 8. Rc1 f5 9. O-O Bxc3 10. bxc3 d6 11. Nd2 Nd7 12. h3 e5 13. Bh2 Qf6 14. Nxe4 Bxe4 15. Bf3 Rae8 16. Bxe4 fxe4 17. dxe5 Nxe5 18. Bxe5 Rxe5 19. Qg4 h5 20. Qd7 Rf7 21. Qc8+ Kh7 22. Qa6 {Suvradeepta,D (2324)-Maevsky,N (2180) chess.com INT 2024 1-0 (61)}) 8. O-O Nbd7 9. cxd5 exd5 10. Qa4 Bxc3 11. bxc3 Ne4 12. Rac1 a6 13. h3 b5 14. Qc2 Nb6 15. Nd2 Nxd2 16. Qxd2 Re8 17. Bd3 c6 18. Qe2 Nd7 19. Qf3 c5 20. Qg3 c4 21. Bc2 Qb6 22. Bc7 Qc6 23. a4 Nf6 24. Be5 g6 25. axb5 axb5 26. Ra1 Nd7 27. Bd6 Nf6 28. Bb4 Nd7 29. Qf4 Qf6 30. Qc7 Qc6 31. Qxc6 Bxc6 32. Rxa8 Rxa8 33. f3 Ra2 34. Rf2 Ra1+ 35. Kh2 Re1 36. e4 dxe4 37. fxe4 Bxe4 38. Bxe4 Rxe4 39. Ra2 Re3 40. Ra5 Nb6 41. Rxb5 Na4 42. Rb8+ Kg7 43. d5 Rd3 44. d6 Kf6 45. Rc8 Ke6 46. Rxc4 Nb6 47. Re4+ Kf5 48. Re7 Kf6 49. Rb7 Nc4 50. d7 Ke6 51. d8=Q Rxd8 52. Re7+ Kf6 53. Rc7 Nd6 54. c4 Ke5 55. c5 Ne4 56. Rxf7 Rc8 57. Rxh7 Nxc5 58. Rg7 Kf5 59. Rf7+ Ke6 60. Rf3 Ne4 61. Be1 Rc5 62. Rf4 Ke5 63. Bg3 Nxg3 64. Kxg3 Rb5 1/2-1/2

[Event "Campeonato Estadual de Mestres do  RJ 2"]
[Site "ALEX"]
[Date "2025.06.22"]
[Round "5.6"]
[White "Pessoa, Vitor Henrique Leop"]
[Black "Manzi, Luiz Antonio Bardar"]
[Result "0-1"]
[WhiteElo "1869"]
[BlackElo "2044"]
[Annotator "CB - RR"]
[PlyCount "62"]
[EventDate "2025.06.19"]
[EventRounds "6"]
[EventCountry "BRA"]

1. e4 c5 2. Nf3 d6 3. d4 cxd4 4. Nxd4 Nf6 5. Nc3 a6 6. Bc4 e6 7. Bb3 Be7 8. Qf3 Qc7 ({RR} 8... O-O 9. g4 Nc6 10. Nxc6 bxc6 11. g5 Nd7 12. h4 Nc5 13. Be3 d5 14. O-O-O Bb7 15. Qg4 a5 16. Bxc5 Bxc5 17. g6 hxg6 18. h5 g5 19. e5 f5 20. exf6 Qxf6 21. Kb1 Qf5 22. Qe2 Rae8 23. h6 {Chekhov,S (2474)-Khismatullin,D (2681) St Petersburg 2014 ½-½ (83)}) 9. Be3 Nbd7 $146 ({RR} 9... Nc6 10. Nxc6 Qxc6 11. g4 O-O 12. g5 Nd7 13. h4 Nc5 14. h5 b5 15. Qg4 b4 16. Bxc5 Qxc5 17. Na4 Qxg5 18. Qxg5 Bxg5 19. Nb6 Rb8 20. Nxc8 Rbxc8 21. a3 a5 22. Ke2 Bf6 23. axb4 axb4 24. Ra4 {Mainka,I (1427)-Braeutigam,A (1749) Willingen 2022 0-1 (42)}) ({RR} 9... Nc6 10. Nxc6 bxc6 11. Qg3 Nh5 12. Qf3 Nf6 13. Qg3 Nh5 14. Qf3 Nf6 {½-½ (14) Djingarova,E (2140)-Zivkovic,V (1977) Bajina Basta SRB 2024}) ({RR} 9... b5 10. a3 Bb7 11. Bxe6 fxe6 12. Nxe6 Qc4 13. Nxg7+ Kf7 14. Nh5 Bxe4 15. Nxe4 Qxe4 16. Qxe4 Nxe4 17. O-O-O Nd7 18. Rhe1 Nef6 19. Nf4 Rhc8 20. Bd4 Rc6 21. Kb1 Bf8 22. Rd3 Bh6 23. Ne2 Re8 24. g3 {Rosenauer,H (1846)-Naiditsch,E (2139) Dortmund 2006 0-1 (35)}) ({RR} 9... b5 10. O-O-O Nc6 11. e5 Bb7 12. exf6 Nxd4 13. fxg7 Rg8 14. Qh5 Nxb3+ 15. axb3 Bf6 16. Qxh7 Rxg7 17. Qh8+ Ke7 18. Qh5 Rc8 19. Qe2 Rxg2 20. Bf4 Bg5 21. Bxg5+ Rxg5 22. Rhg1 Rc5 23. Rd2 b4 24. Ne4 {Adolfssen,R (1933)-Thjomoe,H (1735) Bornholm 2008 ½-½ (39)}) 10. Qg3 Nc5 11. O-O-O Nxb3+ 12. Nxb3 Bd7 13. f4 Bc6 14. Nd2 Rc8 15. Kb1 b5 16. e5 dxe5 17. fxe5 Nh5 18. Qg4 b4 19. Qxh5 bxc3 20. Nc4 Bd5 21. Nb6 Rb8 22. Rhf1 O-O 23. Qh3 Bc5 24. Na4 Rxb2+ 25. Nxb2 Rb8 26. Rxd5 Rxb2+ 27. Ka1 Rxa2+ 28. Kxa2 Qa5+ 29. Kb1 Qb5+ 30. Kc1 Ba3+ 31. Kd1 Qxf1# 0-1

[Event "Campeonato Estadual de Mestres do  RJ 2"]
[Site "ALEX"]
[Date "2025.06.22"]
[Round "5.7"]
[White "Okamura, Milton Kasuo"]
[Black "Aipperspach, Joao Lizak"]
[Result "1-0"]
[WhiteElo "2042"]
[BlackElo "1896"]
[Annotator "CB - RR"]
[PlyCount "75"]
[EventDate "2025.06.19"]
[EventRounds "6"]
[EventCountry "BRA"]

1. d4 Nf6 2. c4 g6 3. Nc3 d5 4. cxd5 Nxd5 5. e4 Nxc3 6. bxc3 Bg7 7. Be3 c5 8. Qd2 Qa5 9. Rc1 Nc6 10. Nf3 Bg4 11. d5 Bxf3 ({RR} 11... Rd8 12. Qb2 Bxf3 13. gxf3 Nd4 14. Bxd4 cxd4 15. Qb5+ Qxb5 16. Bxb5+ Kf8 17. cxd4 Bxd4 18. Rc7 Be5 19. Rxb7 Rb8 20. Rxb8+ Bxb8 21. O-O Bf4 22. Re1 Kg7 23. e5 Rc8 24. Bc6 e6 25. Re4 g5 26. h4 {Sokolov,I (2659)-Topalov,V (2707) Sarajevo 2001 ½-½ (32)}) ({RR} 11... Rd8 12. Be2 Bxf3 13. Bxf3 O-O 14. O-O e6 15. Qc2 Ne5 16. c4 f5 17. Bg5 Rde8 18. Rfd1 h6 19. Bd2 Nxf3+ 20. gxf3 Qa3 21. Bc3 fxe4 22. fxe4 Rf4 23. Bxg7 Rg4+ 24. Kf1 Qh3+ 25. Ke2 Kxg7 26. dxe6 {Weng,Y-Saidova,R (1624) Chennai 2022 0-1 (31)}) 12. gxf3 Ne5 13. Be2 c4 14. O-O $146 ({RR} 14. Bd4 O-O 15. f4 Nd3+ 16. Bxd3 cxd3 17. Bxg7 Kxg7 18. c4 Qc7 19. O-O Rad8 20. Rfd1 f6 21. Qe3 Qa5 22. Rd2 e6 23. Rxd3 Qxa2 24. Ra3 Qb2 25. Rb3 Qa2 26. Rxb7+ Rf7 27. Rxf7+ Kxf7 28. Qd4 Rd7 {Frljak,S-Lakovic,M Travnik 2007 1-0 (32)}) ({RR} 14. f4 Nd7 15. Bd4 Nf6 16. Bf3 O-O 17. h4 Rfd8 18. h5 Qa6 19. hxg6 hxg6 20. f5 e6 21. fxg6 exd5 22. gxf7+ Kxf7 23. e5 Ne8 24. Qg5 Ke6 25. Bg4+ Kf7 26. Qf5+ Kg8 27. Qe6+ Qxe6 28. Bxe6+ {1-0 (28) Schulz,J (2090)-Roth,J (2195) Germany 1999}) 14... O-O 15. Rc2 Rfd8 16. f4 Nd7 17. Bd4 b5 18. Bf3 Nb6 19. Rb1 Rac8 20. Bxb6 Qxb6 21. a4 a6 22. axb5 axb5 23. Rcb2 Qa5 24. e5 Rb8 25. Rb4 f6 26. Qd4 Qc7 27. Re1 Qb6 28. Qe4 Qc5 29. h4 f5 30. Qe2 Bh6 31. Qd2 Ra8 32. Rbb1 Rdb8 33. d6 Ra7 34. d7 Bxf4 35. d8=Q+ Rxd8 36. Qxd8+ Kg7 37. Rxb5 Bh2+ 38. Kg2 1-0

[Event "Campeonato Estadual de Mestres do  RJ 2"]
[Site "ALEX"]
[Date "2025.06.22"]
[Round "5.9"]
[White "Reimberg, Arthur Bernardo"]
[Black "Franca, Joao Vitor Da Silva"]
[Result "1/2-1/2"]
[WhiteElo "1934"]
[BlackElo "1795"]
[Annotator "CB - RR"]
[PlyCount "115"]
[EventDate "2025.06.19"]
[EventRounds "6"]
[EventCountry "BRA"]

1. c4 Nf6 2. Nc3 e6 3. Nf3 d5 4. cxd5 exd5 5. d4 c6 6. Bg5 Be7 7. e3 O-O 8. Bd3 Re8 9. O-O ({RR} 9. Qc2 h6 10. Bf4 Bg4 11. Qb3 Qb6 12. h3 Be6 13. Qc2 c5 14. dxc5 Qxc5 15. a3 Nc6 16. b4 Qb6 17. Na4 Qd8 18. O-O Rc8 19. Qb1 Nd7 20. Rd1 Bf6 21. Ra2 Qe7 22. Nd4 Nxd4 23. exd4 Nf8 {Dubov,D (2701)-Nesterov,A (2592) Barnaul RUS 2024 ½-½}) 9... Bg4 10. h3 Bh5 11. Re1 $146 ({RR} 11. Qc2 Nbd7 12. Ne5 Nf8 13. f4 N6d7 14. Bxe7 Qxe7 15. g4 Nxe5 16. dxe5 Qh4 17. Qg2 Bg6 18. f5 Rxe5 19. Rf3 Rae8 20. fxg6 Nxg6 21. Bxg6 hxg6 22. Qf2 Qxf2+ 23. Kxf2 b6 24. Rd1 Rd8 25. Rf4 Rde8 {Holcman,J-Eichwald,Y France 1996 1-0 (50)}) ({RR} 11. Qc2 Nbd7 12. Ne5 Bg6 13. Bxg6 hxg6 14. f4 Nxe5 15. fxe5 Nd7 16. Bxe7 Qxe7 17. Rf3 Rf8 18. Raf1 a5 19. e4 Nb6 20. exd5 cxd5 21. Qb3 Qe6 22. Nb5 a4 23. Qb4 Rad8 24. Nd6 Rxd6 25. exd6 Nc4 {Vaidyanathan,A (2111)-Dishman,M (1978) London ENG 2025 1-0 (31)}) ({RR} 11. a3 Nbd7 12. b4 Bd6 13. Rc1 Bb8 14. b5 Qc7 15. bxc6 Bxf3 16. Qxf3 Qh2# {0-1 (16) De Vilhena,C (1818)-Andrade,F (1698) Belem 2017}) 11... Nbd7 12. e4 Nxe4 13. Bxe7 Rxe7 14. Bxe4 dxe4 15. Nxe4 Nb6 16. Ned2 Rxe1+ 17. Qxe1 Qd7 18. Qe5 Bxf3 19. Nxf3 Re8 20. Qa5 Nc8 21. Rd1 Rd8 22. Ne5 Qd6 23. Qc3 Qd5 24. a4 Nb6 25. a5 Nd7 26. Ng4 Qd6 27. Qb3 b6 28. axb6 axb6 29. d5 Nc5 30. Qxb6 cxd5 31. Qxd6 Rxd6 32. Ne3 Na4 33. Nxd5 Kf8 34. Nc3 Rxd1+ 35. Nxd1 Ke7 36. Kf1 Kd6 37. Ke2 Kc5 38. Kd3 Kb4 39. Kc2 Nc5 40. Nc3 Kc4 41. Ne2 Nb3 42. f4 Na1+ 43. Kb1 Nb3 44. Ka2 Nc5 45. Ka3 Kd3 46. Nc3 Ke3 47. f5 Kf2 48. b4 Nd7 49. g4 Kg3 50. Ne4+ Kxh3 51. g5 Kg4 52. g6 hxg6 53. fxg6 f5 54. Nd2 Kg5 55. Kb3 Kxg6 56. Kc3 Kf6 57. Kd4 Ke6 58. Nf3 1/2-1/2

[Event "Campeonato Estadual de Mestres do  RJ 2"]
[Site "ALEX"]
[Date "2025.06.22"]
[Round "5.10"]
[White "Celani, Guilherme Fontes"]
[Black "Salles, Marvio Darilho"]
[Result "0-1"]
[WhiteElo "1876"]
[BlackElo "2041"]
[Annotator "CB - RR"]
[PlyCount "96"]
[EventDate "2025.06.19"]
[EventRounds "6"]
[EventCountry "BRA"]

1. e4 Nf6 2. Nc3 d6 3. d4 g6 4. Bf4 Bg7 5. Qd2 c6 6. Bh6 O-O 7. h4 Bxh6 8. Qxh6 Ng4 ({RR} 8... Qa5 9. Qd2 b5 10. f3 e5 11. Nge2 Nbd7 12. g4 Nb6 13. Ng3 Bxg4 14. fxg4 exd4 15. Qxd4 Nxg4 16. Be2 Ne5 17. O-O b4 18. Nd1 Rad8 19. Ne3 c5 20. Qd2 Na4 21. Nd5 Nd7 22. a3 {1-0 (22) Meng,Y (2001)-Yan,J (1203) Shanghai CHN 2024}) 9. Qd2 h5 10. f3 Nf6 11. Bd3 $146 ({RR} 11. O-O-O Kg7 12. Kb1 Qc7 13. Nh3 Nbd7 14. Ng5 b5 15. g4 Nb6 16. gxh5 Nxh5 17. b3 f6 18. Rg1 e5 19. Nh3 Bxh3 20. Bxh3 Nf4 21. Bf5 Kh7 22. Rxg6 Nxg6 23. Rg1 Rg8 24. h5 Kh8 25. Bxg6 Qg7 {Hebert,J-Storey,C Saint John 1975 1-0 (31)}) ({RR} 11. O-O-O b5 12. Qh6 b4 13. Nce2 Qa5 14. Kb1 e5 15. Nh3 Be6 16. Nc1 Nh7 17. g4 exd4 18. Ng5 Nxg5 19. hxg5 Qe5 20. gxh5 Qg7 21. Qxg7+ Kxg7 22. h6+ Kh7 23. Rxd4 d5 24. Rxb4 dxe4 25. fxe4 Nd7 {Lopes Fo,J (2147)-Barreto Junior,W Salvador 2012 1-0 (38)}) ({RR} 11. Qh6 Qa5 12. Bc4 d5 13. Bb3 b5 14. e5 Nh7 15. O-O-O Qb6 16. Nh3 Bxh3 17. Rxh3 a5 18. Nxd5 cxd5 19. Bxd5 Ra6 20. e6 Qd6 21. exf7+ Kh8 22. Be4 Rxf7 23. g4 hxg4 24. fxg4 Qf4+ 25. Qxf4 Rxf4 {Kobs,S-Behr,R (2175) Germany 2000 0-1 (40)}) 11... Kg7 12. Nh3 e5 13. dxe5 dxe5 14. O-O-O Qe7 15. Nf2 Be6 16. Rdg1 b5 17. Kb1 Nbd7 18. g4 a5 19. Ne2 Rh8 20. Ng3 Kf8 21. gxh5 Nxh5 22. Nxh5 Rxh5 23. Rg5 Rxg5 24. hxg5 Kg7 25. f4 exf4 26. Qc3+ f6 27. Qxc6 Rh8 28. Rxh8 Kxh8 29. gxf6 Qxf6 30. Bxb5 Ne5 31. Qa8+ Kg7 32. Qxa5 g5 33. Qc7+ Kh6 34. Nd3 Nxd3 35. Bxd3 g4 36. e5 Qf7 37. Qd8 Bxa2+ 38. Kc1 Be6 39. Qh4+ Kg7 40. Qg5+ Kh8 41. Qh6+ Kg8 42. Bg6 Qg7 43. Bh7+ Kh8 44. Qxe6 Kxh7 45. Qf5+ Kg8 46. Qxf4 g3 47. Qc4+ Kh7 48. Qh4+ Qh6+ 0-1

[Event "Campeonato Estadual de Mestres do  RJ 2"]
[Site "ALEX"]
[Date "2025.06.22"]
[Round "5.11"]
[White "Nunes, Lino Dias"]
[Black "Da Silva, Pedro Oliveira"]
[Result "1-0"]
[WhiteElo "1571"]
[BlackElo "1656"]
[Annotator "CB - RR"]
[PlyCount "75"]
[EventDate "2025.06.19"]
[EventRounds "6"]
[EventCountry "BRA"]

1. e4 e6 2. d4 d5 3. e5 c5 4. c3 Nc6 5. Nf3 Qb6 6. a3 Nge7 7. b4 cxd4 8. cxd4 Nf5 9. Be3 Bd7 10. Nc3 Nxe3 11. fxe3 Be7 ({RR} 11... Nxb4 12. Na4 Bxa4 13. Qxa4+ Nc6 14. Bb5 Be7 15. Rc1 Rc8 16. Bxc6+ Rxc6 17. O-O O-O 18. Rxc6 bxc6 19. Nd2 Qb2 20. Nf3 Qb6 21. Rc1 Rc8 22. Rc3 c5 23. Rb3 Qc7 24. Qa6 Rb8 25. Qa4 Rxb3 26. Qxb3 {Raipov,A (1504)-Nauanova Zhaniya (1835) Almaty KAZ 2024 0-1 (40)}) 12. Rc1 a6 13. Bd3 f6 $146 ({RR} 13... O-O 14. O-O f5 15. Bb1 Qd8 16. Qd3 Rc8 17. Ne2 g5 18. g4 Na7 19. Rxc8 Nxc8 20. gxf5 exf5 21. Nc3 Be6 22. h3 Qe8 23. Ba2 Nb6 24. Nh2 Kh8 25. Qe2 Qg6 26. Qg2 Rd8 27. Ne2 Rc8 28. Rc1 {Okrugic,T (1886)-Konic,Z (2082) Croatia 2011 0-1 (60)}) 14. exf6 Bxf6 15. O-O O-O 16. Na4 Qd8 17. Nc5 b6 18. Nxa6 e5 19. b5 Na7 20. dxe5 Be7 21. Nc7 Rc8 22. Nxd5 Rxc1 23. Qxc1 Bxb5 24. Nxe7+ Qxe7 25. Bxb5 Rc8 26. Qb2 Qc5 27. Bd7 Qxe3+ 28. Qf2 Rc3 29. Qxe3 Rxe3 30. a4 Kf8 31. Re1 Rxe1+ 32. Nxe1 Ke7 33. e6 Kd8 34. Nf3 Nc8 35. Bxc8 Kxc8 36. Nd2 Kc7 37. Nc4 Kc6 38. Nxb6 1-0